| 000 | 00367 a2200121 4500 | ||
|---|---|---|---|
| 001 | ART_14136 | ||
| 005 | 20260410161912.0 | ||
| 008 | 260409a | ||
| 245 | 1 | 0 | _aThe perception of welfare inequality |
| 100 | 1 | _aVan Praag, Bernard | |
| 700 | 1 | _aVan Batenburg, Paul C. | |
| 773 | 0 |
_tEuropean economic review _g- Vol. 13, NÂș 2 (mar. 1980) _wREV13346 |
|
| 999 |
_c26906 _d26906 |
||